Domestic League & European Trophy Double Winners - Statistics

General Stats
  • This quiz has been taken 36 times
  • The average score is 18 of 21
Answer Stats
Double Year European Trophy Won Country Team % Correct
2011* Europa League Portugal Porto
100%
2003* Europa League Portugal Porto
100%
1974 Europa League Netherlands Feyenoord
93%
2000* Europa League Turkey Galatasaray
93%
1984 Cup Winners' Cup Italy Juventus
93%
1977 Europa League Italy Juventus
93%
1978 Europa League Netherlands PSV Eindhoven
93%
1986 Europa League Spain Real Madrid
90%
2004 Europa League Spain Valencia
90%
2008 Europa League Russia Zenit Saint Petersburg
90%
1976 Europa League England Liverpool
87%
1973 Europa League England Liverpool
87%
2005* Europa League Russia CSKA Moscow
83%
1986 Cup Winners' Cup Soviet Union Dynamo Kyiv
83%
1975 Cup Winners' Cup Soviet Union Dynamo Kyiv
83%
1968 Cup Winners' Cup Italy Milan
83%
1987 Europa League Sweden IFK Göteborg
80%
1982* Europa League Sweden IFK Göteborg
80%
1985 Cup Winners' Cup England Everton
63%
1975 Europa League West Germany Borussia Mönchengladbach
57%
1974 Cup Winners' Cup East Germany Magdeburg
30%
No matching quizzes found
Score Distribution
Percent of People with Each Score
Percentile by Number Answered
Your Score History
You have not taken this quiz